000 00276nam a2200133Ia 4500
100 _aBedi/D.S.
942 _cBK
654 _amaterials
245 _aStrength Of Materials
260 _bS.Chand and Co.
_aNew Delhi
_c1984
300 _a488
546 _aENGLISH
999 _c33263
_d33263